Statistics for Ultimate Harry Potter cast quiz

Click here to take the quiz!

General Stats

  • This quiz has been taken 40 times
    (30 since last reset)
  • The average score is 52 of 110

Answer Stats

HintAnswer% Correct
Daniel RadcliffeHarry Potter
100%
Michael GambonAlbus Dumbledore
100%
Alan RickmanSeverus Snape
96%
Emma WatsonHermione Granger
96%
David ThewlisRemus Lupin
92%
Rupert GrintRonald Weasley
92%
Evanna LynchLuna Lovegood
92%
Helena Bonham CarterBellatrix Lestrange
92%
Ralph FiennesLord Voldemort
88%
Imelda StauntonDolores Umbridge
88%
James PhelpsFred Weasley
83%
OliverPhelpsGeorge Weasley
83%
Matthew LewisNeville Longbottom
83%
Julie WaltersMolly Weasley
83%
Bonnie WrightGinny Weasley
83%
Domhnall GleesonBill Weasley
83%
Maggie SmithMinerva McGonagall
79%
Robbie ColtraneRubeus Hagrid
79%
Jason IsaacsLucius Malfoy
79%
Harry MellingDudley Dursley
79%
Robert PattinsonCedric Diggory
79%
Gary OldmanSirius Black
79%
Katie LeungCho Chang
79%
Emma ThompsonProfessor Sybill Trelawney
79%
Clemence poseyFleur Delacour
75%
Kenneth BranaghGilderoy Lockhart
75%
Tom FeltonDraco Malfoy
75%
Alfred EnochDean Thomas
75%
Geraldine SomervileLily Potter
75%
Helen McCroryNarcissa Malfoy
75%
Fiona ShawPetunia Dursley
71%
Mark WilliamsArthur Weasley
71%
Natalia TenaNymphadora Tonks
71%
Adrian RawlinsJames Potter
71%
Richard GriffithsVernon Dursley
71%
Stanislav YanevskiViktor Krum
67%
Brendan GleesonAlastor Mad Eye Moody
67%
Devon MurraySeamus Finnigan
63%
Chris RankinPercy Weasley
63%
Afshan AzadPadma Patil
63%
Jamie WaylettVincent Crabbe
63%
Miriam MargolyesProfessor Pomona Sprout
63%
David BradleyArgus Filch
58%
Sitara ShahParvati Patil
58%
Roger Lloyd PackBarty Crouch
58%
Josh HerdmanGregory Goyle
58%
Ian HartProfessor Quirinus Quirrell
54%
Jim BroadbentProfessor Horace Slughorn
54%
Toby JonesDobby
54%
Jessie CaveLavender Brown
50%
Rhys IfansXenophilius Lovegood
50%
John CleeseNearly Headless Nick
50%
Shirley HendersonMoaning Myrtle
46%
Genevieve Gaunt | Scarlett ByrnePansy Parkinson
46%
Frances de la TourMadame Olympe Maxime
46%
Georgina LoenidasKatie Bell
42%
Bill NighyRufus Scrimgeour
42%
Sean BiggerstaffOliver Wood
42%
Robert HardyCornelius Fudge
42%
Luke YoungbloodLee Jordan
38%
Pam FerrisMarjorie Dursley
38%
John HurtOllivander
38%
Louis CordiceBlaise Zabini
38%
Tiana BenjaminAngelina Johnson
38%
Predrag Bjelac/ Pedja BjelacIgor Karkaroff
38%
Hugh MitchellColin Creevey
38%
Michael ByrneGellert Grindelwald
38%
Hazel DouglasBathilda Bagshot
38%
Kelly MacdonaldHelena Ravenclaw
33%
David TennantBarty Crouch Jr
33%
Ciaran HindsAberforth Dumbledore
33%
Ray FearonFirenze
29%
Elizabeth SpriggsFat Lady
29%
George HarrisKingsley Shacklebolt
29%
Angelica MandyGabrielle Delacour
29%
Dave LegenoFenrir Greyback
29%
Fredde StromaCormac McLaggen
29%
Simon McBurneyKreacher
29%
Jeff RawleAmos Diggory
25%
Gemma JonesMadam Pomfrey
25%
Natasha RichardsonRita skeeter
25%
Zoe WanamakerMadame Hooch
21%
Lee InglebyStan Shunpike
21%
Julian GloverAragog
21%
Andy LindenMundungus Fletcher
21%
Sophie ThompsonMafalda Hopkirk
21%
Ralph InesonAmycus carrow
17%
Arben BajraktarajAntonin Dolohov
17%
Guy HenryPius Thicknesse
13%
Charlotte SkeochHannah Abbot
13%
Hebe BeardsallAriana Dumbledore
13%
Leslie PhillipsThe Sorting Hat
13%
Anna ShafferRomilda Vane
13%
Jamie Campbell BowerYoung Gellert Grindelwald
8%
Toby RegboYoung Albus Dumbledore
8%
Lenny HenryShrunken Head
8%
Nina YoungThe Grey Lady
4%
David RyallElphias Dodge
4%
Simon Fisher BeckerFat Friar
4%
William MellingNigel
4%
Terence BaylerThe Bloody Baron
4%
Timothy SpallWormtail/ Peter Pettigrew
4%
Rod HuntThorfinn Rowle
4%
Julie ChristieMadame Rosemerta
0%
Derek houghHogwarts School Boy
0%
Julianne HoughHogwarts School Girl
0%
Warwick DavisGriphook/ Professor Filius Flitwick
0%
Jarvis Cocker ( Yule Ball)BAnd Lead Singer
0%
Dawn FrenchOpera singing Fat Lady
0%

Score Distribution

Percentile by Number Answered

Percent of People with Each Score

Your Score History

You have not taken this quiz since the last reset